000 01135nam a2200325 4500
001 0000017205
003 CO-CtgCURN
005 20250331184734.0
007 ta
008 160627s2001 000 0 eng d
020 _a9586820890
040 _aCO-CtgCURN
_bspa
_ccoctgcurn
082 0 _a526
_bW65t
100 1 _aWolf, Paul R.
245 1 0 _aTopografia /
_cPaul R. Wolf.
250 _a9a ed.
260 _aBogotá :
_bAlfaomega,
_c2001.
300 _a834 p.
336 _2rdacontent
337 _2rdamedia
_asin mediacion
_bn
338 _2rdacarrier
_avolumen
_bnc
500 _aIncluye indice.
505 8 _aTeoria de la medicion.--Brujula.--Poligonales.--Estadia.--Cálculo de poligamales.--Cartografia.--Curvas verticales.--Fotogrametria.--Curvas horizontales.--Determinacion de areas.--Teodolito.--Medicion de distancia.--Mediciones con cinta
650 1 4 _aTopografia
_vAplicaciones.
700 1 _aBrinker, Russell.
908 _a160627
942 _cBK
_h526
_iW65t
_2ddc
999 _c20927
_d20927